Т. 1; Основы аналитической химии

Dades bibliogràfiques
Parent link:Основы аналитической химии: в 2 т./ Т. А. Большова [и др.]; под ред. Ю. А. Золотова. Т. 1.— 6-е изд..— , 2014.— 978-5-4468-0516-7
Sumari:Учебник создан в соответствии с Федеральным государственным образовательным стандартом по направлениям подготовки «Химия» (квалификация «бакалавр»), «Фундаментальная и прикладная химия» (квалификация «специалист»). В двух томах учебника изложены теоретические основы аналитической химии с учетом современных научных достижений. В первом томе освещены методологические вопросы аналитической химии, некоторые положения термодинамики и кинетики, лежащие в основе методов химического анализа. Рассмотрена метрология химического анализа: дано понятие об аналитическом сигнале, статистических критериях правильности и воспроизводимости результатов анализа. Представлены основные закономерности протекания кислотно-основных, окислительно-восстановительных реакций, а также реакций комплексообразования и осаждения. Изложены общие принципы и основные методы разделения и концентрирования веществ. Особое внимание уделено хроматографии. Предложены вопросы для контроля за усвоением материала. Для студентов учреждений высшего профессионального образования. Может быть полезен аспирантам, преподавателям, а также специалистам-аналитикам.
Idioma:rus
Publicat: 2014
Matèries:
Format: Llibre
KOHA link:https://koha.lib.tpu.ru/cgi-bin/koha/opac-detail.pl?biblionumber=297043

MARC

LEADER 00000nam2a2200000 4500
001 297043
005 20231102000952.0
010 |a 9785446805174 
035 |a (RuTPU)RU\TPU\book\322163 
035 |a RU\TPU\book\242512 
090 |a 297043 
100 |a 20120921d2014 m y0rusy50 ca 
101 0 |a rus 
102 |a RU 
105 |a a j 001zy 
200 0 |a Т. 1 
210 |d 2014 
215 |a 400 с.  |c ил. 
320 |a Библиография в конце глав. 
320 |a Предметный указатель: с. 384-387. 
330 |a Учебник создан в соответствии с Федеральным государственным образовательным стандартом по направлениям подготовки «Химия» (квалификация «бакалавр»), «Фундаментальная и прикладная химия» (квалификация «специалист»). В двух томах учебника изложены теоретические основы аналитической химии с учетом современных научных достижений. В первом томе освещены методологические вопросы аналитической химии, некоторые положения термодинамики и кинетики, лежащие в основе методов химического анализа. Рассмотрена метрология химического анализа: дано понятие об аналитическом сигнале, статистических критериях правильности и воспроизводимости результатов анализа. Представлены основные закономерности протекания кислотно-основных, окислительно-восстановительных реакций, а также реакций комплексообразования и осаждения. Изложены общие принципы и основные методы разделения и концентрирования веществ. Особое внимание уделено хроматографии. Предложены вопросы для контроля за усвоением материала. Для студентов учреждений высшего профессионального образования. Может быть полезен аспирантам, преподавателям, а также специалистам-аналитикам. 
461 1 |0 (RuTPU)RU\TPU\book\325760  |y 978-5-4468-0516-7  |t Основы аналитической химии  |o в 2 т.  |o учебник для вузов  |f Т. А. Большова [и др.]  |g под ред. Ю. А. Золотова  |v Т. 1  |e 6-е изд.  |d 2014  |s Высшее образование. Естественные науки 
606 1 |a Аналитическая химия  |2 stltpush  |3 (RuTPU)RU\TPU\subj\67454  |9 83247 
610 1 |a метрологические основы 
610 1 |a химические реакции 
610 1 |a термодинамика 
610 1 |a кинетика 
610 1 |a химическое равновесие 
610 1 |a реальные системы 
610 1 |a разделение 
610 1 |a концентрирование 
610 1 |a химический анализ 
610 1 |a химические методы 
610 1 |a хроматографические методы 
610 1 |a учебники 
675 |a 543(075.8)  |v 3 
801 1 |a RU  |b 63413507  |c 20150605 
801 2 |a RU  |b 63413507  |c 20150713  |g RCR 
942 |c BK 
959 |a 19/20150325  |d 5  |e 832,70  |f ЧЗТЛ:1  |f УФ:4